[Event "Foment Martinenc op-A 22nd"]
[Site "Barcelona"]
[Date "2022.06.11"]
[Round "8"]
[White "Garcia Castellote, Daniel"]
[Black "Diaz Carrasco, Sergio"]
[Result "1/2-1/2"]
[WhiteElo "2028"]
[BlackElo "2012"]
[PlyCount "51"]
[EventDate "2022.04.23"]
[EventType "swiss"]
[EventRounds "9"]
[EventCountry "ESP"]
[SourceTitle "EXT 2023"]
[Source "ChessBase"]
[SourceDate "2022.10.05"]
[SourceVersion "1"]
[SourceVersionDate "2022.10.05"]
[SourceQuality "1"]

1. e4 d5 2. exd5 Nf6 3. d4 Bg4 4. f3 Bf5 5. g4 Bg6 6. c4 e6 7. Nc3 exd5 8. g5 Nh5 9. Nxd5 Nc6 10. Be3 Be7 11. Nxe7 Qxe7 12. Kf2 0-0-0 13. Bd3 Rhe8 14. Qd2 Nxd4 15. Bxd4 c5 16. Bxg6 fxg6 17. Ne2 cxd4 18. Nxd4 Qc5 19. Rad1 Rf8 20. b4 Qe5 21. Qe3 Qxe3+ 22. Kxe3 Rfe8+ 23. Kf2 Nf4 24. h4 Rd6 25. Rd2 h6 26. gxh6 1/2-1/2

[Event "Foment Martinenc op-A 22nd"]
[Site "Barcelona"]
[Date "2022.04.23"]
[Round "1"]
[White "Diaz Carrasco, Sergio"]
[Black "Vivancos Munoz, Manuel"]
[Result "1-0"]
[WhiteElo "2012"]
[BlackElo "1749"]
[PlyCount "111"]
[EventDate "2022.04.23"]
[EventType "swiss"]
[EventRounds "9"]
[EventCountry "ESP"]
[SourceTitle "EXT 2023"]
[Source "ChessBase"]
[SourceDate "2022.10.05"]
[SourceVersion "1"]
[SourceVersionDate "2022.10.05"]
[SourceQuality "1"]

1. Nf3 Nf6 2. c4 g6 3. b3 Bg7 4. Bb2 d6 5. d4 c6 6. Nbd2 d5 7. g3 0-0 8. Bg2 Bf5 9. 0-0 Na6 10. Nh4 Bg4 11. f3 Bc8 12. Qb1 Qa5 13. Rd1 e6 14. Bh3 Bh6 15. f4 g5 16. fxg5 Bxg5 17. Nhf3 Be3+ 18. Kh1 Bxd2 19. Nxd2 dxc4 20. Ne4 Nxe4 21. Qxe4 Qd5 22. Bg2 Qxe4 23. Bxe4 f5 24. Bf3 cxb3 25. axb3 Nb4 26. Ba3 Nc2 27. Bxf8 Nxa1 28. Bh6 Nxb3 29. g4 Kf7 30. gxf5 exf5 31. Rd3 Be6 32. d5 Bxd5 33. Bxd5+ cxd5 34. Rxb3 b6 35. Be3 Ke6 36. Kg2 Ke5 37. Kf3 Rc8 38. Ra3 d4 39. Bf4+ Kd5 40. Rxa7 Rc3+ 41. Kf2 h5 42. Re7 Rc2 43. Ke1 Rc5 44. Kd2 Ra5 45. Kd1 Ra1+ 46. Bc1 b5 47. Kc2 b4 48. Rd7+ Kc5 49. Rf7 b3+ 50. Kb2 Ra2+ 51. Kxb3 Rxe2 52. Rxf5+ Kd6 53. Rxh5 d3 54. Bf4+ Ke6 55. Kc3 Rf2 56. Be3 1-0

[Event "Sant Adria 6th"]
[Site "Sant Adria de Besos"]
[Date "2010.05.02"]
[Round "4"]
[White "Fernandez Aguilar, Francisco"]
[Black "Diaz Carrasco, Sergio"]
[Result "0-1"]
[WhiteElo "1845"]
[BlackElo "2130"]
[PlyCount "70"]
[EventDate "2010.04.11"]
[EventType "swiss"]
[EventRounds "8"]
[EventCountry "ESP"]
[SourceTitle "EXT 2024"]
[Source "ChessBase"]
[SourceDate "2023.10.10"]
[SourceVersion "1"]
[SourceVersionDate "2023.10.10"]
[SourceQuality "1"]

1. e4 d5 2. exd5 Qxd5 3. Nf3 Nf6 4. d4 Bg4 5. Be2 e6 6. 0-0 c6 7. Nc3 Qd8 8. Re1 Nbd7 9. Bf4 Be7 10. h3 Bh5 11. Ne5 Bxe2 12. Qxe2 0-0 13. Rad1 Re8 14. Qf3 Nb6 15. Bg3 Nbd5 16. Ne4 h6 17. c4 Nb6 18. Bh4 Nbd7 19. g4 Qa5 20. Nxd7 Nxd7 21. Bxe7 Rxe7 22. d5 Ne5 23. Qb3 exd5 24. cxd5 cxd5 25. Nd6 Nf3+ 26. Qxf3 Rxe1+ 27. Rxe1 Qxe1+ 28. Kg2 Qe6 29. Nxb7 Rc8 30. a4 Qe4 31. Qxe4 dxe4 32. Nd6 Rc2 33. Nxe4 Rxb2 34. Nc3 Rc2 35. Nb5 a6 0-1

[Event "Sant Adria 6th"]
[Site "Sant Adria de Besos"]
[Date "2010.04.11"]
[Round "1"]
[White "Diaz Carrasco, Sergio"]
[Black "Aparicio Escudero, Hector F"]
[Result "1-0"]
[WhiteElo "2130"]
[BlackElo "1709"]
[PlyCount "65"]
[EventDate "2010.04.11"]
[EventType "swiss"]
[EventRounds "8"]
[EventCountry "ESP"]
[SourceTitle "EXT 2024"]
[Source "ChessBase"]
[SourceDate "2023.10.10"]
[SourceVersion "1"]
[SourceVersionDate "2023.10.10"]
[SourceQuality "1"]

1. e4 Nc6 2. Nf3 d5 3. exd5 Qxd5 4. Nc3 Qa5 5. Bc4 Bg4 6. h3 Qh5 7. Bb5 Nf6 8. d3 e6 9. Qe2 Bb4 10. Bd2 Bxf3 11. Qxf3 Qxf3 12. gxf3 0-0-0 13. Bxc6 bxc6 14. Rg1 Rhg8 15. a3 Be7 16. Be3 a6 17. Ne4 Nxe4 18. fxe4 Bf6 19. Rb1 g6 20. Ke2 Rge8 21. a4 Bd4 22. b3 Bxe3 23. Kxe3 e5 24. h4 Re6 25. Rbf1 f5 26. f3 c5 27. Kd2 Rc6 28. Kc3 Rd4 29. h5 gxh5 30. Rg5 fxe4 31. fxe4 Re6 32. Rff5 Kd7 33. Rxh5 1-0

[Event "Sant Boi de Llobregat op 20th"]
[Site "Sant Boi de Llobregat"]
[Date "2008.05.30"]
[Round "5.2"]
[White "Diaz Carrasco, Sergio"]
[Black "Alonso Gonzalez, Carlos"]
[Result "0-1"]
[WhiteElo "2123"]
[BlackElo "2061"]
[PlyCount "74"]
[EventDate "2008.04.25"]
[EventType "swiss"]
[EventRounds "8"]
[EventCountry "ESP"]
[SourceTitle "EXT 2024"]
[Source "ChessBase"]
[SourceDate "2023.10.10"]
[SourceVersion "1"]
[SourceVersionDate "2023.10.10"]
[SourceQuality "1"]

1. e4 g6 2. f4 Bg7 3. Nf3 d6 4. d4 c5 5. c3 cxd4 6. cxd4 Nc6 7. d5 Nb8 8. Nc3 Nd7 9. Be3 Ngf6 10. Bd3 0-0 11. 0-0 Ng4 12. Qe2 Nxe3 13. Qxe3 Qb6 14. Qxb6 axb6 15. Bb5 Ra5 16. a4 Nc5 17. Nd2 Bd7 18. Bxd7 Nxd7 19. Rfc1 Bd4+ 20. Kf1 Be3 21. Ke2 Bxf4 22. b4 Raa8 23. Nb5 Nf6 24. Rc7 Rfc8 25. g3 Bxd2 26. Kxd2 Nxe4+ 27. Ke3 Nf6 28. Kd4 Rxc7 29. Nxc7 Rc8 30. Nb5 Rc2 31. Nc3 Rxh2 32. a5 bxa5 33. Rxa5 Rg2 34. Rb5 Rxg3 35. Rxb7 h5 36. b5 h4 37. Rxe7 Rxc3 0-1